Reforming labor markets in the Near East : (Registro nro. 11818)

Detalles MARC
000 -LEADER
fixed length control field 01693cam a2200361 a 4500
001 - CONTROL NUMBER
control field 1596203
003 - CONTROL NUMBER IDENTIFIER
control field OSt
005 - DATE AND TIME OF LATEST TRANSACTION
control field 20210524154356.0
008 - FIXED-LENGTH DATA ELEMENTS--GENERAL INFORMATION
fixed length control field 940321s1994 caua b 000 0 eng
020 ## - INTERNATIONAL STANDARD BOOK NUMBER
International Standard Book Number 1558153187
040 ## - CATALOGING SOURCE
Original cataloging agency DLC
Transcribing agency CO-JMCR
Modifying agency DLC
041 0# - LANGUAGE CODE
Language code of text/sound track or separate title eng
050 00 - LIBRARY OF CONGRESS CALL NUMBER
Classification number HD5811.9.A6
Item number H65 1994
082 04 - DEWEY DECIMAL CLASSIFICATION NUMBER
Classification number 331.120956 /
Item number H744r
Edition number 23
100 1# - MAIN ENTRY--PERSONAL NAME
Personal name Hollister, Robinson G.,
Relator term autor
9 (RLIN) 37840
245 10 - TITLE STATEMENT
Title Reforming labor markets in the Near East :
Remainder of title implications for structural adjustment and market economies /
Statement of responsibility, etc. Robinson G. Hollister, Jr., and Markus P. Goldstein.
260 ## - PUBLICATION, DISTRIBUTION, ETC.
Place of publication, distribution, etc. San Francisco, California :
Name of publisher, distributor, etc. ICS Press,
Date of publication, distribution, etc. c1994.
300 ## - PHYSICAL DESCRIPTION
Extent xi, 136 páginas :
Other physical details ilustraciones y gráficas en blanco y negro ;
Dimensions 23 cm.
490 1# - SERIES STATEMENT
Series statement ICEG sector study series ;
Volume/sequential designation 8
504 ## - BIBLIOGRAPHY, ETC. NOTE
Bibliography, etc. note Bibliografía : páginas 131-136.
505 0# - FORMATTED CONTENTS NOTE
Formatted contents note Labor markets in the devolopment process. -- Theoretical issues: labor markets in developing and developed nations. -- Perspectives on labor markets in developing countries. -- Labor market responsr to stabilization and structurl adjustment. -- Oucomes of adjustment policy. -- Labor and the future of development
650 14 - SUBJECT ADDED ENTRY--TOPICAL TERM
Topical term or geographic name entry element Labor market
Geographic subdivision Middle East.
9 (RLIN) 37841
650 24 - SUBJECT ADDED ENTRY--TOPICAL TERM
Topical term or geographic name entry element Manpower policy
Geographic subdivision Middle East.
9 (RLIN) 37842
650 24 - SUBJECT ADDED ENTRY--TOPICAL TERM
Topical term or geographic name entry element Labor policy
Geographic subdivision Middle East.
9 (RLIN) 37843
650 24 - SUBJECT ADDED ENTRY--TOPICAL TERM
Topical term or geographic name entry element Labor market
Geographic subdivision Arab countries.
9 (RLIN) 37844
650 24 - SUBJECT ADDED ENTRY--TOPICAL TERM
Topical term or geographic name entry element Manpower policy
Geographic subdivision Arab countries.
9 (RLIN) 37845
650 14 - SUBJECT ADDED ENTRY--TOPICAL TERM
Topical term or geographic name entry element Labor policy
Geographic subdivision Arab countries.
9 (RLIN) 37846
651 24 - SUBJECT ADDED ENTRY--GEOGRAPHIC NAME
Geographic name Middle East
General subdivision Economic policy.
9 (RLIN) 37847
651 24 - SUBJECT ADDED ENTRY--GEOGRAPHIC NAME
Geographic name Arab countries
General subdivision Economic policy.
9 (RLIN) 37848
700 1# - ADDED ENTRY--PERSONAL NAME
Personal name Goldstein, Markus P.,
Relator term autor
9 (RLIN) 37849
830 #0 - SERIES ADDED ENTRY--UNIFORM TITLE
Uniform title Sector studies ;
Volume/sequential designation no. 8.
9 (RLIN) 37850
942 ## - ADDED ENTRY ELEMENTS (KOHA)
Source of classification or shelving scheme Dewey Decimal Classification
Koha item type Books
Existencias
Withdrawn status Lost status Source of classification or shelving scheme Damaged status Not for loan Home library Current library Shelving location Date acquired Source of acquisition Full call number Barcode Date last seen Copy number Price effective from Koha item type
    Dewey Decimal Classification     Biblioteca Pública José María del Castillo y Rada Biblioteca Pública José María del Castillo y Rada General Stacks 04/15/2018 Donación 331.120956 / H744r 430002981 05/16/2024 Ej.1 03/10/2021 Books